[Event "Top 12 FRA-chT 2017"]
[Site "Chartres"]
[Date "2017.05.23"]
[Round "6"]
[White "Li, Chao b"]
[Black "Malakhov, Vladimir"]
[Result "1/2-1/2"]
[WhiteElo "2722"]
[BlackElo "2712"]
[Annotator "TA"]
[PlyCount "176"]
[EventDate "2017.??.??"]
[EventType "team-tourn"]
[EventCountry "FRA"]
[SourceTitle "playchess.com"]
[Source "ChessBase"]
[SourceQuality "1"]
[WhiteTeam "Nice Alekhine"]
[BlackTeam "Tremblay-En-France"]

{[%evp 12,176,22,22,38,16,25,27,29,23,33,33,33,33,23,22,32,39,62,39,46,52,42,35,56,43,53,33,46,39,53,46,107,109,110,72,67,67,65,72,91,66,104,99,169,129,149,153,145,165,254,260,467,512,505,500,476,471,543,539,783,441,843,212,162,57,63,0,0,0,0,-14,0,0,0,0,0,0,0,0,0,0,0,-103,-21,-68,-66,-52,-52,-68,-63,-75,-70,-70,-70,-70,-70,-70,-49,-68,-60,-68,-21,-33,-22,-27,-27,-41,-41,-41,-41,-41,-35,-41,-41,-69,-69,-69,-41,-41,-41,-92,-92,-92,-92,-103,-69,-103,-69,-69,-56,-92,-56,-56,-56,-56,-56,-56,-56,-56,-56,-56,-41,-41,-41,-41,0,-81,0,0,0,0,0,0,0,0,0,0,0,0,0,0,0,0,0,0,0]} 1. d4 d5 2. c4 c6 3. Nf3 Nf6 4. Nc3 a6 5. c5 Nbd7 6. Bf4 Nh5 7. Bd2 Nhf6 {D15: Slav Defence: 4 Nc3 a6 and gambit lines after 4 Nc3 dxc4} 8. Rc1 (8. Qc2 g6 9. g3 Bg7 10. Bg2 O-O 11. O-O Re8 12. Rad1 Nf8 13. Qb3 Ne6 14. Na4 Ne4 15. Nb6 Nxd2 16. Rxd2 {½-½ (42) Moiseenko,A (2692)-McShane,L (2674) Germany 2016}) 8... g6 9. g3 Bg7 {White has an edge.} 10. Bg2 O-O 11. O-O Re8 12. Re1 Ne4 13. Bf4 Nxc3 $146 ({Predecessor:} 13... e5 14. Nxe5 Nxe5 15. Nxe4 dxe4 16. Bxe5 Bxe5 17. dxe5 {½-½ (23) Rosen,L (2363)-Woodard,D (2377) ICCF email 2014}) 14. bxc3 b5 15. cxb6 Nxb6 16. e4 Bg4 17. h3 Bxf3 18. Bxf3 e6 19. h4 a5 20. Rb1 a4 21. h5 Ra7 (21... Nc4 $14) 22. hxg6 $16 hxg6 23. Kg2 dxe4 24. Bxe4 Nd5 25. Bd2 Qd7 26. Bf3 Rc8 27. Rh1 Rca8 (27... Rb7 $16) 28. Qc1 Rb7 29. Rxb7 $1 Qxb7 {[#]} 30. Bh6 $1 {[%cal Rh6g7]} Bf6 (30... Bh8 {was called for.} 31. Bf8 f5) 31. c4 $18 Nc7 $2 (31... Nb4 {was worth a try.} 32. Qd2 Qe7) 32. Qf4 Ne8 33. Bg5 Bg7 34. Qh4 Ra5 35. Bd2 Ra6 36. a3 Rb6 (36... Qd7 $142 37. Qh7+ Kf8 38. Bb4+ Nd6) 37. Bb4 $2 (37. Qh7+ Kf8 38. Bh6 Bxh6 39. Qxh6+ Ke7 40. Qg5+ Kd7 41. Rh8) 37... Nf6 38. Bc5 (38. c5 $18 Rb5 39. Bd2) 38... Rb3 $1 $14 39. Bd1 (39. Qf4 $14) 39... Rc3 $11 40. g4 Qb1 41. Bf3 Rc1 (41... Qd3 $5 {[%cal Rd3f3]} 42. Bxc6 Qe2 $11) 42. Bxc6 Rxh1 43. Qxh1 Qc2 44. Qe1 Nxg4 45. Bf3 Nf6 46. Qe2 Qc3 47. Ba7 (47. Qe5 $11 {keeps the balance.}) 47... Qa5 (47... Qxa3 $17 48. c5 Qc1) 48. Bb8 Nd7 $1 $36 {[%cal Rd7b8][%mdl 2048] Black has good play.} 49. Qb2 Qa6 50. Qb4 {Hoping for c5.} Bxd4 51. Bb7 Bc5 52. Bxa6 Bxb4 $15 {[%mdl 4096] Endgame KBB-KBN} 53. Bc7 {Bb5 is the strong threat.} Bxa3 54. Bb5 Nf6 55. Bb6 Kf8 56. Bd4 Nh5 57. Kf3 Ke7 58. c5 {Black must now prevent c6.} Nf6 59. Bxf6+ Kxf6 $11 {KB-KB} 60. c6 Bd6 {Strongly threatening ...a3.} 61. Bxa4 Ke5 62. Bb3 Bc7 63. Ke2 Kd6 64. Ba4 Kd5 65. Kf3 Kc5 66. Ke2 ({Better is} 66. Kg4 $15) 66... Kb4 $17 67. Bc2 Kb5 68. Be4 Kc5 69. f3 Kd4 70. Bc2 Ke5 71. Bd3 Kf4 72. Bc4 g5 73. Bb3 Bb6 74. Bc4 Kf5 75. Bd3+ Ke5 76. Bc4 f6 77. Bb3 Kf5 78. Kf1 e5 79. Kg2 {[#]} (79. Bd1 $1 $11) 79... Kf4 (79... g4 $1 $17) 80. Bd1 $11 {The position is equal.} Bc7 81. Be2 f5 (81... g4 $5) 82. Bd1 e4 83. fxe4 Kxe4 84. Bc2+ Kf4 85. Bd3 g4 86. Bc2 Bd6 87. Bd3 Ke5 88. Bc2 (88. c7 $5 Bxc7 89. Be2 $15) 88... Bc7 {Precision: White = 64%, Black = 57%.} (88... g3 $5) 1/2-1/2

[Event "Top 12 FRA-chT 2017"]
[Site "Chartres"]
[Date "2017.05.23"]
[Round "6"]
[White "Jobava, Baadur"]
[Black "Gharamian, Tigran"]
[Result "1/2-1/2"]
[WhiteElo "2713"]
[BlackElo "2626"]
[Annotator "TA"]
[PlyCount "35"]
[EventDate "2017.??.??"]
[EventType "team-tourn"]
[EventCountry "FRA"]
[SourceTitle "playchess.com"]
[Source "ChessBase"]
[SourceQuality "1"]
[WhiteTeam "Tremblay-En-France"]
[BlackTeam "Nice Alekhine"]

{[%evp 9,35,-1,30,0,-1,0,14,-9,-3,-13,-22,-11,-14,-10,-12,-31,-23,-30,-50,-45,-27,-45,-33,-42,0,-30,-28,-33]} 1. e4 c6 2. d4 d5 3. Nd2 dxe4 4. Nxe4 Nd7 5. Ne2 {[%cal Bg1e2,Be2g3,Bg3e4,Be4c5][%mdl 32]} Ndf6 (5... Ngf6 $5 {[%cal Rf6e4]} 6. Nxf6+ Nxf6 $11) 6. N2g3 {B17: Caro-Kann: Modern Line (4...Nd7)} Nxe4 7. Nxe4 Bf5 8. Nc5 $146 {The position is equal.} ({Predecessor:} 8. Qf3 e6 9. c3 Be7 10. Bc4 Nf6 11. Nxf6+ Bxf6 12. a4 a5 13. O-O {½-½ (43) Ivanchuk,V (2787)-Wojtaszek,R (2635) Germany 2008}) 8... b6 9. Na6 {Threatens to win with Qf3.} e6 10. Bd3 Bxd3 11. Qxd3 Bd6 12. Bd2 Ne7 13. O-O-O O-O 14. h4 b5 15. Qe4 Nd5 16. h5 Qe7 17. Rh3 Rae8 18. f4 {Precision: White = 41%, Black = 56%.} 1/2-1/2

[Event "Top 12 FRA-chT 2017"]
[Site "Chartres"]
[Date "2017.05.23"]
[Round "6"]
[White "Naiditsch, Arkadij"]
[Black "Marcelin, Cyril"]
[Result "1-0"]
[WhiteElo "2700"]
[BlackElo "2472"]
[Annotator "TA"]
[PlyCount "45"]
[EventDate "2017.??.??"]
[EventType "team-tourn"]
[EventCountry "FRA"]
[SourceTitle "playchess.com"]
[Source "ChessBase"]
[SourceQuality "1"]
[WhiteTeam "Bischwiller"]
[BlackTeam "Saint Quentin"]

{[%evp 9,45,41,40,30,41,32,56,30,33,36,51,24,35,54,58,14,64,70,176,168,197,197,206,199,210,197,339,329,388,394,396,372,379,379,572,565,1025,1013]} 1. e4 d5 2. exd5 Qxd5 3. Nc3 Qd6 4. d4 c6 5. Nge2 {[%cal Bg1e2,Be2g3,Bg3e4][%mdl 32]} Nf6 6. Bf4 {B01: Scandinavian Defence} Qd8 7. Ng3 Be6 8. Nce4 $146 {White is slightly better.} ({Predecessor:} 8. Be2 Nbd7 9. O-O Nb6 10. Re1 g6 11. Qd2 Bg7 12. Rad1 O-O 13. Nce4 Nxe4 14. Nxe4 {½-½ (45) Sokolov,A (2558)-Degraeve,J (2563) Nancy 2013}) 8... Nxe4 9. Nxe4 Bf5 10. f3 {[%cal Bf2f3,Bf3e4][%mdl 32]} (10. Qe2 $5 {[%cal Re4d6]} e6 11. c3 $14) 10... Qb6 11. c3 $36 {[%mdl 2048] White has good play.} Nd7 12. Bc4 Nf6 13. Qe2 {[#] Nd6+ is the strong threat.} Bxe4 ({Black should play} 13... e6 $1 $14) 14. fxe4 $18 e6 15. d5 cxd5 16. exd5 Bd6 {[#]} 17. Be3 $1 {[%cal Re3b6]} ({Stronger than} 17. dxe6 Bxf4 18. exf7+ Kf8 $15) 17... Qc7 (17... Bc5 $142 18. Bxc5 Qxc5) 18. dxe6 fxe6 19. Bxe6 Kf8 {intending ...Re8.} 20. O-O-O Re8 21. Bd4 Qe7 (21... Qc6 {might work better.} 22. Rde1 Re7) 22. Rhe1 Bxh2 23. Qf2 {Precision: White = 73%, Black = 43%.} 1-0

[Event "Top 12 FRA-chT 2017"]
[Site "Chartres"]
[Date "2017.05.23"]
[Round "6"]
[White "Duda, Jan-Krzysztof"]
[Black "Wojtaszek, Radoslaw"]
[Result "1/2-1/2"]
[WhiteElo "2693"]
[BlackElo "2734"]
[Annotator "TA"]
[PlyCount "71"]
[EventDate "2017.??.??"]
[EventType "team-tourn"]
[EventCountry "FRA"]
[SourceTitle "playchess.com"]
[Source "ChessBase"]
[SourceQuality "1"]
[WhiteTeam "Bois-Colombes"]
[BlackTeam "Clichy"]

{[%evp 19,71,-14,-12,-2,-6,-12,-10,-8,-7,-42,-36,-28,-14,-15,-19,-43,-8,-14,-11,-17,-16,-32,-7,-8,-16,-10,-9,-22,-14,-24,0,0,-1,-13,0,0,0,0,0,0,0,-71,0,0,0,0,0,0,0,0,0,0,0,0]} 1. c4 Nf6 2. Nc3 e5 3. g3 Bb4 4. Bg2 O-O 5. Nf3 d6 6. O-O Nc6 7. Nd5 Bc5 8. d3 Nxd5 9. cxd5 Nd4 10. Nxd4 Bxd4 11. e3 {A29: English Opening: Four Knights Variation with 4 g3} Bb6 12. Bd2 Bd7 13. Rc1 a5 14. Bc3 {[#]} f5 $146 ({Predecessor:} 14... Re8 15. Qd2 Qg5 16. Rc2 Qh5 17. Re1 f5 18. Qd1 Qg6 {0-1 (83) Larsen,B (2620)-Kuzmin,G (2565) Bled 1979}) 15. Kh1 Qe7 16. Qd2 a4 17. Rce1 Rae8 18. Ba5 Bxa5 19. Qxa5 Qd8 20. f4 c5 21. Qxd8 Rxd8 22. fxe5 dxe5 23. e4 fxe4 24. Bxe4 Rf6 25. Kg2 Rdf8 {Strongly threatening ...Rxf1.} 26. Bf3 {[#]} Bh3+ $1 {[%mdl 512]} 27. Kxh3 Rxf3 28. Rxf3 Rxf3 29. Rxe5 {aiming for d4!} Rxd3 $11 {[%mdl 4096] Endgame KR-KR} 30. Re8+ Kf7 31. Rb8 $1 {The position is equal.} Rxd5 32. Rxb7+ Kf6 33. b3 Rd2 {[#] White must now prevent ...a3.} 34. bxa4 Rxa2 35. Rc7 Rxa4 36. Rxc5 {Precision: White = 68%, Black = 51%.} 1/2-1/2

[Event "Top 12 FRA-chT 2017"]
[Site "Chartres"]
[Date "2017.05.23"]
[Round "6"]
[White "Ragger, Markus"]
[Black "David, Alberto"]
[Result "1/2-1/2"]
[WhiteElo "2680"]
[BlackElo "2548"]
[Annotator "TA"]
[PlyCount "70"]
[EventDate "2017.??.??"]
[EventType "team-tourn"]
[EventCountry "FRA"]
[SourceTitle "playchess.com"]
[Source "ChessBase"]
[SourceQuality "1"]
[WhiteTeam "Bischwiller"]
[BlackTeam "Saint Quentin"]

{[%evp 12,70,18,8,25,18,35,45,35,27,49,9,17,10,12,5,17,14,13,0,27,32,37,32,29,-29,-39,-32,-25,-102,-102,-102,-110,-148,-137,-133,-124,-124,-114,-122,-97,-109,-37,-38,-17,-8,-20,-8,-9,-8,-4,-12,0,0,0,-37,0,0,0,-8,0]} 1. d4 Nf6 2. c4 e6 3. Nc3 Bb4 4. e3 O-O 5. Bd3 c5 6. Nf3 d5 7. cxd5 cxd4 {E53: Nimzo-Indian: Rubinstein: Main Line (4...0-0 5 Nf3 d5 6 Bd3 c5 7 0-0)} (7... exd5 8. dxc5 Nbd7 9. O-O Nxc5 10. Ne2 Bg4 11. Nfd4 Nxd3 12. Qxd3 Bxe2 13. Nxe2 Bd6 14. Bd2 Be5 15. Bc3 {½-½ (56) Harikrishna,P (2755)-Wojtaszek,R (2745) Shamkir 2017}) 8. exd4 Nxd5 9. O-O Nc6 {White is slightly better.} 10. Bc2 Be7 11. a3 Bd7 12. Qd3 {[%csl Gc2][%cal Rd3h7] [#]} g6 $146 ({Predecessor:} 12... f5 13. Bb3 Nxc3 14. bxc3 Na5 15. Ba2 Kh8 16. Re1 Rf6 17. Bg5 Rf8 18. Bd2 Bxa3 19. Bxe6 Bxe6 20. Rxe6 {1-0 (35) Pietocha,P (2025)-Jacel,L (1991) Leba 2008}) 13. Bh6 Re8 14. Ne4 Rc8 15. Rac1 Nf6 16. Rfd1 ({Not} 16. Neg5 Ng4 $17) 16... Qb6 17. b4 a5 18. b5 (18. Nxf6+ $142 Bxf6 19. b5) 18... Nxe4 $11 19. Qxe4 Qxb5 20. d5 {[#]} (20. h4 $11 {remains equal.}) 20... exd5 $1 $17 21. Rxd5 Bxa3 ({Avoid the trap} 21... Bc5 $2 22. Qf4 $18) 22. Rxb5 Rxe4 23. Rd1 Rb4 24. Rxb4 Nxb4 25. Rxd7 Nxc2 26. Rxb7 Bf8 (26... Bc5 $17 {Hoping for ...a4.} 27. Ne5 Re8) 27. Bxf8 $15 Rxf8 {[%mdl 4096] Endgame KRN-KRN} 28. Ra7 $1 Rd8 {( -> ...Rd1+)} 29. h4 Rd5 30. Ng5 $1 Rf5 31. Ne4 h6 32. Nd6 Rf6 33. Nb5 Rf5 34. Nd6 Rf6 35. Ne4 Rf5 {Precision: White = 65%, Black = 51%.} (35... Rf4 $5 {[%cal Rf4e4]} 36. f3 Kg7 $11) 1/2-1/2

[Event "Top 12 FRA-chT 2017"]
[Site "Chartres"]
[Date "2017.05.23"]
[Round "6"]
[White "Piorun, Kacper"]
[Black "Stevic, Hrvoje"]
[Result "1/2-1/2"]
[WhiteElo "2638"]
[BlackElo "2600"]
[Annotator "TA"]
[PlyCount "30"]
[EventDate "2017.??.??"]
[EventType "team-tourn"]
[EventCountry "FRA"]
[SourceTitle "playchess.com"]
[Source "ChessBase"]
[SourceQuality "1"]
[WhiteTeam "Tremblay-En-France"]
[BlackTeam "Nice Alekhine"]

{[%evp 13,30,34,34,36,31,21,15,-10,-10,-12,-14,-28,35,17,25,-5,47,41,54]} 1. e4 e5 2. Nf3 Nc6 3. Bb5 a6 4. Ba4 d6 5. c3 Bd7 6. d4 g6 7. Bg5 Be7 8. Be3 {C76: Ruy Lopez: Deferred Steinitz: 5 c3 Bd7 6 d4 g6} Nf6 9. d5 Na5 (9... Nb8 10. Bc2 O-O 11. c4 a5 12. Nc3 Na6 13. h3 Qb8 14. Qd2 c6 15. O-O cxd5 16. cxd5 {1-0 (33) Andreikin,D (2733)-Demchenko,A (2600) Abu Dhabi 2016}) 10. Bc2 $146 {The position is equal.} ({Predecessor:} 10. Bxd7+ Qxd7 11. Nbd2 b5 12. a4 O-O 13. b4 Nb7 14. O-O Ng4 15. Bg5 f6 {½-½ (105) Antonio,R (2490)-Ye,R (2545) Bacolod 1991}) 10... Nc4 11. Bc1 b5 12. a4 c5 (12... c6 $11) 13. O-O Nb6 14. a5 Nc8 (14... Nc4 $11) 15. Nbd2 (15. c4 $5) 15... Nh5 {Precision: White = 15%, Black = 47%.} 1/2-1/2

[Event "Top 12 FRA-chT 2017"]
[Site "Chartres"]
[Date "2017.05.23"]
[Round "6"]
[White "Kuzubov, Yuriy"]
[Black "Heimann, Andreas"]
[Result "0-1"]
[WhiteElo "2637"]
[BlackElo "2573"]
[Annotator "TA"]
[PlyCount "133"]
[EventDate "2017.??.??"]
[EventType "team-tourn"]
[EventCountry "FRA"]
[SourceTitle "playchess.com"]
[Source "ChessBase"]
[SourceQuality "1"]
[WhiteTeam "Grasse Echecs"]
[BlackTeam "Mulhouse Philidor"]

{[%evp 9,133,16,22,16,12,16,16,18,15,8,14,12,15,16,10,16,15,0,0,0,7,0,0,0,0,-19,-7,-20,-22,-23,-20,-39,-37,-40,-8,-41,-37,-64,-63,-65,-63,-72,-58,-105,-72,-74,-45,-53,-53,-53,-35,-46,-42,-59,-58,-71,-60,-63,-63,-67,-61,-68,-17,-26,0,-11,-8,-44,-59,-68,-28,-28,-27,-26,-26,-25,-25,-51,0,0,0,-14,-8,-58,-58,-67,-69,-68,-69,-69,0,-71,-72,-129,-142,-919,-907,-1108,-1113,-29950,-29952,-29954,-29955,-29955,-29955,-29956,-29957,-29957,-29958,-29955,-29959,-29959,-29960,-29958,-29960,-29955,-29950,-29964,-29965,-29966,-29966,-29971,-29972,-29984,-29985,-29984]} 1. d4 Nf6 2. c4 g6 3. Nf3 Bg7 4. e3 {[%cal Be2e3,Be3e4][%mdl 32]} d5 5. cxd5 Nxd5 6. e4 {D70: Grünfeld: Unusual White 3rd moves (met by ...d5)} Nb6 7. Be2 c5 {[%cal Rc5d4]} 8. d5 {The position is equal.} f5 $146 ({Predecessor:} 8... O-O 9. a4 f5 10. Nbd2 fxe4 11. Nxe4 Nxd5 12. O-O b6 {1-0 (33) Gulko,B (2480)-Geller,E (2600) Yerevan 1975}) 9. Bb5+ Bd7 10. Ng5 O-O $1 11. Bxd7 Qxd7 12. Ne6 Rf7 13. Nxg7 Kxg7 14. Nc3 fxe4 15. O-O Rf5 {[%cal Rb6d5]} 16. b3 Kg8 {[%cal Rb6d5]} 17. Bb2 Nxd5 18. Nxe4 Nf4 19. Qxd7 Nxd7 20. Rfd1 Nb6 21. a4 a5 22. f3 Rc8 23. Kf2 Rd5 24. Bc3 c4 25. bxc4 Rxc4 26. g3 Nxa4 27. Bxa5 Rc2+ 28. Rd2 Rcxd2+ 29. Bxd2 Nd3+ 30. Ke2 b5 31. Rd1 Ndb2 32. Rh1 Nc4 33. Bb4 Kf7 34. h4 h6 35. g4 Nd6 (35... Nab2 $15) 36. h5 g5 37. Nxd6+ (37. Bxd6 $5 exd6 38. Rc1 $11) 37... exd6 $11 {[%mdl 4096] Endgame KRB-KRN} 38. f4 gxf4 {aiming for ...Kf6.} 39. Rf1 $1 Re5+ 40. Kf3 Nc5 {...Nd3 is the strong threat.} 41. Kxf4 Ke6 42. Bc3 Nd3+ 43. Kf3 Rg5 (43... Rc5 $15 44. Bg7 Ne5+ 45. Bxe5 Kxe5) 44. Kg3 Ne5 45. Rf4 Rg8 46. Bd2 (46. Bxe5 $5 dxe5 47. Rb4 $17) 46... Ra8 {Hoping for ...Ra3+.} 47. Rd4 Ra3+ 48. Kg2 Ra2 {Threatens to win with ...Nc4.} 49. Kg3 Ra3+ 50. Kg2 $1 Nf7 $1 {White must now prevent ...Ra4.} 51. Kf2 ({White should try} 51. Re4+ Kf6 52. Re8) 51... Ra4 $17 52. Rxa4 $4 {[%mdl 8192]} (52. Bb4 $17) 52... bxa4 {[%cal Bb5a4,Ba4a3][%mdl 32] KB-KN} 53. Ke2 a3 54. Kd3 Ne5+ {Black mates.} 55. Kc2 a2 56. Bc3 Nxg4 57. Kb2 Ne5 58. Kxa2 Kf5 $1 {[%cal Rf5g4]} 59. Bd2 {[#]} Nf7 $1 60. Kb3 Kg4 61. Kc4 Kxh5 62. Kd5 Kg6 63. Ke6 Ng5+ 64. Kd5 {[#]} Kf5 $1 65. Be3 h5 {[%cal Bh6h5,Bh5h4][%mdl 32]} 66. Kxd6 h4 67. Bg1 {Precision: White = 49%, Black = 79%.} 0-1

[Event "Top 12 FRA-chT 2017"]
[Site "Chartres"]
[Date "2017.05.23"]
[Round "6"]
[White "Maze, Sebastien"]
[Black "Geenen, Marc"]
[Result "1-0"]
[WhiteElo "2619"]
[BlackElo "2266"]
[Annotator "TA"]
[PlyCount "81"]
[EventDate "2017.??.??"]
[EventType "team-tourn"]
[EventCountry "FRA"]
[SourceTitle "playchess.com"]
[Source "ChessBase"]
[SourceQuality "1"]
[WhiteTeam "Bischwiller"]
[BlackTeam "Saint Quentin"]

{[%evp 9,81,12,20,21,22,0,21,24,31,18,10,12,54,46,54,27,63,-9,-13,-13,-8,0,-25,-54,-78,-71,44,24,0,0,-8,-204,60,61,93,94,75,74,76,77,71,67,135,129,197,143,611,567,1159,961,1144,1140,895,1022,770,750,1148,1114,1566,1193,1081,1049,541,423,4594,2614,29979,29981,29991,29992,29993,29994,29994,29995]} 1. d4 d5 2. Nf3 Nf6 3. Bf4 c5 4. e3 Nc6 5. Nbd2 cxd4 6. exd4 {D02: 1 d4 d5 2 Nf3 sidelines, including 2...Nf6 3 g3 and 2...Nf6 3 Bf4} Bf5 7. c3 h6 8. Ne5 {The position is equal.} Nxe5 $146 ({Predecessor:} 8... a6 9. Ndf3 Nd7 10. Qa4 Qc8 11. c4 e6 12. c5 Be7 {1-0 (33) Shimanov,A (2631)-Vazquez,G (2401) Chicago 2016}) 9. dxe5 Nd7 $1 10. g4 Bg6 11. e6 $1 fxe6 12. Nf3 Qb6 13. Ne5 (13. Bd3 $1 $14 Bxd3 14. Qxd3) 13... Nxe5 $11 14. Bxe5 Be4 $36 {[%mdl 2048] Black is more active.} 15. Rg1 Qxb2 16. Qa4+ Kd8 (16... Kf7 17. Rd1 $17) 17. Rd1 Qc2 (17... Bf3 $17 18. Bd3 Bxd1 19. Kxd1 Qxf2) 18. Qb4 $14 {[%mdl 1024] White has compensation.} Bf3 {[%csl Gf3][%cal Rc2d1]} 19. Rb1 b6 $1 {White must now prevent ...h5.} 20. Ba6 $2 {[#]} (20. Rg3 $11 Qe4+ 21. Qxe4 Bxe4 22. Rd1) 20... Rc8 $2 ({And not} 20... Qxa2 21. Bd3 $11) (20... h5 $1 $19 {Strongly threatening ...Rc8!} 21. Kf1 hxg4) 21. Rg3 Qe4+ 22. Qxe4 Bxe4 23. Bxc8 {Hoping for Rc1.} Bxb1 24. Bxe6 Bxa2 25. h4 h5 {[#]} ({Black should try} 25... Bc4 $14) 26. g5 $1 $16 Bb1 (26... Bc4 $16) 27. f4 ({Inferior is} 27. Bxd5 Bf5 $11) (27. Kd2 $18) 27... Bh7 $2 {[%mdl 8192]} (27... Rh7 $16 28. Rg2 (28. Bxd5 Bf5 $16) 28... g6) 28. f5 $18 {[%cal Bf4f5,Bf5e6][%mdl 32]} Bg8 29. Rd3 Bxe6 30. fxe6 {[%mdl 4096] Endgame KRB-KRB} Kc8 31. Rxd5 Kb7 32. Rd7+ Kc6 33. Kd2 b5 34. Kd3 Rg8 35. g6 Rh8 36. Bf4 a5 (36... a6 $142 37. Ra7 Kc5 38. Rxa6 Kd5) 37. c4 {White threatens Rc7+ and mate.} bxc4+ 38. Kxc4 {White mates.} Rg8 39. Ra7 Kb6 40. Be3+ Kc6 41. Ra6+ {Precision: White = 78%, Black = 31%.} 1-0

[Event "Top 12 FRA-chT 2017"]
[Site "Chartres"]
[Date "2017.05.23"]
[Round "6"]
[White "Gledura, Benjamin"]
[Black "Areshchenko, Alexander"]
[Result "1/2-1/2"]
[WhiteElo "2602"]
[BlackElo "2677"]
[Annotator "TA"]
[PlyCount "29"]
[EventDate "2017.??.??"]
[EventType "team-tourn"]
[EventCountry "FRA"]
[SourceTitle "playchess.com"]
[Source "ChessBase"]
[SourceQuality "1"]
[WhiteTeam "Mulhouse Philidor"]
[BlackTeam "Grasse Echecs"]

{[%evp 16,22,0,0,0,-13,0,-2,0]} 1. Nf3 c5 2. c4 Nc6 3. Nc3 g6 4. g3 Bg7 5. Bg2 e5 6. O-O Nge7 7. a3 a5 8. d3 d6 9. Ne1 {The position is equal.} Be6 {A37: Symmetrical English vs ...g6: 4 Bg2 Bg7 5 Nf3} 10. Nd5 O-O 11. Nc2 Rb8 {Predecessor:} 12. Nxe7+ $146 Nxe7 13. b4 axb4 14. axb4 cxb4 15. Nxb4 {½-½ (28) Karjakin,S (2785)-Vachier Lagrave,M (2804) Doha 2016} 1/2-1/2

[Event "Top 12 FRA-chT 2017"]
[Site "Chartres"]
[Date "2017.05.23"]
[Round "6"]
[White "Van Foreest, Jorden"]
[Black "Vernay, Clovis"]
[Result "1/2-1/2"]
[WhiteElo "2595"]
[BlackElo "2501"]
[Annotator "TA"]
[PlyCount "87"]
[EventDate "2017.??.??"]
[EventType "team-tourn"]
[EventCountry "FRA"]
[SourceTitle "playchess.com"]
[Source "ChessBase"]
[SourceQuality "1"]
[WhiteTeam "Clichy"]
[BlackTeam "Bois-Colombes"]

{[%evp 10,87,39,12,12,6,13,7,9,0,0,0,0,0,0,-14,-13,-16,-3,-15,-7,-9,-6,-13,-8,-24,0,-26,-21,-37,-27,-37,-24,-37,0,-62,-61,-68,-68,-75,-67,-79,-43,-73,-72,-109,-46,-217,-241,-207,-170,-341,-238,-493,-442,-600,-575,-1018,0,0,0,0,0,-748,-715,-914,-649,-554,-19,-19,-20,-20,-20,-23,0,0,0,0,0,0]} 1. Nf3 d5 2. g3 Bg4 3. Bg2 Nd7 4. c4 c6 5. cxd5 cxd5 6. Qa4 Ngf6 {A11: English Opening: 1...c6} 7. Nc3 Bxf3 8. Bxf3 e6 9. O-O Be7 10. d4 O-O 11. e3 $146 ({Predecessor:} 11. Rd1 a6 12. Qb3 b5 13. a3 Nb6 14. e4 dxe4 15. Nxe4 Nxe4 16. Bxe4 {½-½ (26) Burmakin,V (2556)-Tan,J (2440) Manacor 2016}) 11... Nb6 12. Qb3 Qd7 13. Rd1 Rfc8 14. Bd2 Nc4 15. Be1 Rc6 16. Qc2 Rac8 17. Rac1 h6 18. h4 R6c7 19. Qb1 Bb4 20. Qa1 b5 21. Be2 a5 {[%cal Ba7a5,Ba5a4][%mdl 32]} 22. a3 ({White should play} 22. Bd3 $11) 22... Bxc3 $15 23. Bxc3 Ne4 24. Be1 {Black should prevent b3.} a4 25. Qb1 Qe7 26. Bd3 f5 27. Bb4 Qf6 ({Black should try} 27... Qe8 $17 28. Kg2 Ncd2) 28. b3 $2 (28. Kg2 $15) 28... axb3 $19 29. Qxb3 g5 30. hxg5 $2 (30. h5) 30... Qxg5 31. Be1 $2 (31. Bxe4 fxe4 32. Bc5) 31... h5 {[%cal Bh6h5,Bh5h4,Bh4g3][%mdl 32]} 32. Qxb5 {Strongly threatening Rxc4!} h4 {[%cal Rh4g3]} 33. Rxc4 dxc4 $2 (33... hxg3 $19 34. Kf1 g2+ 35. Kg1 Qh5 36. Kxg2 dxc4 37. Bxe4 Qxd1) 34. Bxe4 $1 $11 {And now Qe5 would win.} Qg4 $1 {[%cal Rg4d1]} 35. f3 Qh3 36. Bb7 $2 {[%mdl 8192]} (36. Bd5 $11 exd5 37. Qxd5+ Kh7 38. g4 fxg4 39. Qh5+ Kg8 40. Qd5+ Rf7 41. Qg5+ Kh8 42. Qh5+ Rh7 43. Qe5+ Rg7 44. Qh5+ Rh7 45. Qe5+ Rg7 46. Qh5+ Rh7) 36... hxg3 $19 {( -> ...Qh2+)} 37. Rd2 {[#]} Rh7 $1 {[%csl Gh7][%cal Rh3h1][%mdl 512]} 38. f4 {[#] Qa6 is the strong threat.} Rb8 $2 ({Better is} 38... c3 $1 $19 {[%cal Rc3d2][%mdl 512]} 39. Re2 Rb8) 39. Qxc4 $11 Rhxb7 40. Qxe6+ Kh7 {Hoping for ...Rg7.} 41. Rg2 Rb1 {[%cal Rb1e1]} (41... Rg8 $5 {[%cal Rb7b1]} 42. e4 Qh5 43. Qxf5+ Qxf5 44. exf5 Rb1 $15) 42. Qf7+ {The position is equal.} Kh8 {[%cal Rb1e1]} 43. Qf6+ Kh7 {[%cal Rb1e1]} 44. Qf7+ {Precision: White = 40%, Black = 62%.} 1/2-1/2

[Event "Top 12 FRA-chT 2017"]
[Site "Chartres"]
[Date "2017.05.23"]
[Round "6"]
[White "Baklan, Vladimir"]
[Black "Donchenko, Alexander"]
[Result "1/2-1/2"]
[WhiteElo "2594"]
[BlackElo "2563"]
[Annotator "TA"]
[PlyCount "47"]
[EventDate "2017.??.??"]
[EventType "team-tourn"]
[EventCountry "FRA"]
[SourceTitle "playchess.com"]
[Source "ChessBase"]
[SourceQuality "1"]
[WhiteTeam "Strasbourg"]
[BlackTeam "Vandoeuvre"]

{[%evp 15,47,14,25,0,15,16,62,69,59,66,58,0,4,3,8,15,12,8,12,13,13,13,11,15,9,12,19,18,17,17,8,8,5,6]} 1. e4 c5 2. Nf3 d6 3. d4 cxd4 4. Nxd4 Nf6 5. Nc3 a6 6. h3 e6 7. g4 h6 8. Bg2 Be7 {LiveBook: 69 Games. B81: Sicilian Scheveningen: Keres Attack} 9. b3 $146 ({Predecessor:} 9. h4 Nc6 10. g5 hxg5 11. hxg5 Rxh1+ 12. Bxh1 Nh7 13. Nxc6 bxc6 14. g6 fxg6 15. Qd3 e5 16. Qc4 {0-1 (37) Svidler,P (2759)-Vachier Lagrave,M (2798) Biel 2016}) 9... Qc7 10. Bb2 Nbd7 11. Qd2 g5 12. O-O-O Ne5 13. Ndb5 (13. f4 $14 gxf4 14. Nce2 (14. Qxf4 Nh5 $11)) 13... axb5 $11 {The position is equal.} 14. Nxb5 Qc5 15. Nxd6+ Kf8 {aiming for ...Kg7.} 16. b4 Qxd6 $1 17. Qxd6 Bxd6 18. Rxd6 {[#] Threatens to win with Rd8+.} Nfd7 19. Rxd7 $1 Nxd7 20. Bxh8 {Black must now prevent h4.} e5 $1 {With the idea ...Kg8.} 21. Rd1 {And now Rd6 would win.} Kg8 22. Rxd7 Bxd7 23. Bxe5 Rxa2 24. Bf1 {Precision: White = 74%, Black = 74%.} 1/2-1/2